Normal view
MARC view
- غروميكو،أ، م. مشارك كوكوشين، أ؛ ترجمة علاء الدين، ماجد، ترجمة المجيد، شحادة العبد
Entry Personal Name
001 - CONTROL NUMBER
- control field: 18082
003 - CONTROL NUMBER IDENTIFIER
- control field: JO-AjAnu
005 - DATE AND TIME OF LATEST TRANSACTION
- control field: 20230606073200.0
008 - FIXED-LENGTH DATA ELEMENTS
- fixed length control field: 230606|| aca||aabn | a|a d
040 ## - CATALOGING SOURCE
- Original cataloging agency: JO-AjAnu
- Transcribing agency: JO-AjAnu
100 ## - HEADING--PERSONAL NAME
- Personal name: غروميكو،أ، م. مشارك كوكوشين، أ؛ ترجمة علاء الدين، ماجد، ترجمة المجيد، شحادة العبد
670 ## - SOURCE DATA FOUND
- Source citation: Work cat.: (JO-AjAnu)9284: غروميكو،أ، م. مشارك كوكوشين، أ؛ ترجمة علاء الدين، ماجد، ترجمة المجيد، شحادة العبد, author, الأخوة كينيدي